000 06456namaa22004211i 4500
003 OSt
005 20260610113119.0
008 250827s2025 ua a|||frm||| 000 0 eng d
040 _aEG-GICUC
_bara
_cEG-GICUC
_dEG-GICUC
_erda
041 0 _aara
_bara
_beng
049 _aإيداع
082 0 4 _a658.3
092 _a658.3
_221
097 _aمــــاجستير
099 _aCai01.18.06.M.Sc.2025.مه.د
100 0 _a،مهدى ظافر محمد ال بحرى
_eإعداد.
245 1 0 _aدور إدارة التطوير الادراى في تحسين الولاء التنظيمى :
_bدراسة حالة /
_cإعداد مهدى ظافر محمد ال بحرى؛ إشراف أ.د/ محمد عبدالحميد صبرى، د./ عصام على عبدالسلام.
246 1 5 _aThe role of the administrative development department in improving organizational loyalty :
_bCase study /
264 0 _c2025.
300 _a178 ورقة :
_bإيضاحيات ؛
_c30 سم. +
_eCD.
336 _atext
_2rda content
337 _aUnmediated
_2rdamedia
338 _avolume
_2rdacarrier
502 _aأطروحة (ماجستير)-جامعة القاهرة، 2025.
504 _aببليوجرافيا: صفحات 148-168.
520 _aهدفت الدراسة اختبارالعلاقة بين إدارة التطوير الإداري وتعزيز الولاء التنظيمي للإداريين والأكاديميين فى كليات وإدارات جامعة الملك فيصل، وتوصيف الوضع الحالي لتطبيق تطوير إداري متميز ومستمر في كليات وإدارات جامعة الملك فيصل في المملكة العربية السعودية، مع التعرف على الدوافع والأبعاد التى دعت إلى تطبيق تطوير إداري فى كليات وإدارات الجامعة، وتحديد أهم مؤشرات قياس وأبعاد تحسين وتعزيز الولاء التنظيمي فى إدارات الجامعة، وتحليل أهم التحديات والمعوقات التى تحد من فاعلية تطبيق تطوير إداري متميز ومستمر وكيفية تعزيز الولاء التنظيمي، والتوصل إلى عدد من التوصيات التي يمكن أن تفيد القيادات الإدارية في إدارات وكليات جامعة الملك فيصل، والوزارات المعنية، والمهتمين بهذا المجال.وتم استخدم المنهج الوصفي والتحليلي حيث انه المنهج المناسب لهذا الغرض، واستمارة الاستبيان كأداة رئيسية للدراسة لجمع البيانات الأولية اللازمة، تم توجيه الاستبيان إلى الإداريين والأكاديميين لدى جامعة الملك فيصل فقد اعتمد الباحث على عينة عشوائية طبقية باستخدام التوزيع النسبي من الاداريين والادارة العليا حيث بلغ حجم العينة (384) من جداول العينات تم توزيعهم وتم الحصول على عدد (338) استبانه صالحه للتحليل وقسمة الى (60) الاداريين والادارة العليا و(278) من الأكاديميين وبذلك تكون نسبة الاستجابه (88%).، ولقد تم استخدام حزمة برنامج التحليل الاحصائي (AMOS) في إجراء عملية التحليل العاملي التوكيدي للنموذج لإدخال ومعالجة وتحليل البيانات
520 _aThe study aimed to examine the relationship between administrative development management and enhancing organizational loyalty among administrators and academics in the colleges and departments of King Faisal University. It also aimed to describe the current status of implementing distinct and continuous administrative development in the colleges and departments of King Faisal University in the Kingdom of Saudi Arabia. It also aimed to identify the motivations and dimensions that led to the implementation of administrative development in the university's colleges and departments. It also aimed to identify the most important indicators for measuring and enhancing organizational loyalty in the university's departments. It also aimed to analyze the most important challenges and obstacles that limit the effectiveness of implementing distinct and continuous administrative development and how to enhance organizational loyalty. It also aimed to develop a number of recommendations that could benefit administrative leaders in the departments and colleges of King Faisal University, relevant ministries, and those interested in this field. The descriptive and analytical approach was used, as it is the appropriate approach for this purpose, and a questionnaire was used as the primary tool for the study to collect the necessary primary data. The questionnaire was directed to administrators and academics at King Faisal University. The researcher relied on a stratified random sample using a proportional distribution of administrators and senior management. The sample size was (384) from the sample tables, which were distributed. A total of (338) valid questionnaires were obtained for analysis, divided into (60) administrators and senior management and (278) academics, resulting in a response rate of (88%). The statistical analysis package (AMOS) was used to conduct confirmatory factor analysis of the model to enter, process, and analyze the data
530 _aصدر أيضًا كقرص مدمج.
546 _aالنص بالعربية والملخص باللغة الإنجليزية والعربية.
650 7 _aإدارة الأفراد
_2qrmak
653 0 _aالتطوير الادارى
_aالولاء التنظيمى
_aجامعة الملك فيصل بالمملكة العربية السعودية
700 0 _aمحمد عبدالحميد صبرى
_eمشرف أطروحة.
700 0 _aعصام على عبدالسلام
_eمشرف أطروحة.
900 _b11-06-2025
_cمحمد عبدالحميد صبرى
_cعصام على عبدالسلام
_Uجامعة القاهرة
_Fكلية الدراسات العليا للبحوث الإحصائية
_Dقسم إدارة المخاطر والأزمات
905 _aSara
942 _2ddc
_cTH
_e21
_n0
999 _c180469